000 003900000a22001570004500
041 0 _aSPA
082 0 4 _aG 268.45 R7414p
245 1 0 _a25 programas e ideas / Juan Rojas Mayo, Compilador
260 _a[S.L.] : Juventud
300 _a49 Pag
001 7958
942 _cBK
999 _c38158
_d38158
336 _atexto
_btxt
_2rdacontent
337 _2rdamedia
_asin mediación
_bn
338 _2rdacarrier
_avolumen
_bnc